50 Most Popular Metal Songs on Spotify - Statistics

General Stats
  • This quiz has been taken 444 times
  • The average score is 22 of 50
Answer Stats
Artist Song Year Plays % Correct
Metallica Enter Sandman 1991 1,386
94%
System of a Down Chop Suey! 2001 1,341
87%
Ozzy Osbourne Crazy Train 1980 668
77%
Metallica Master of Puppets 1986 851
77%
Black Sabbath Paranoid 1970 1,078
77%
System of a Down Toxicity 2001 909
74%
Rammstein Du hast 1997 568
70%
Papa Roach Last Resort 2001 1,132
69%
Metallica One 1988 570
69%
Rage Against the Machine Killing In The Name 1992 903
66%
Limp Bizkit Break Stuff 1999 638
63%
Black Sabbath Iron Man 1970 480
61%
Disturbed Down with the Sickness 2000 755
60%
Slipknot Duality 2004 741
60%
Slipknot Psychosocial 2008 595
55%
Pantera Walk 1992 402
55%
Motorhead Ace of Spades 1980 452
54%
Korn Freak On a Leash 1998 493
54%
Limp Bizkit Rollin' (Air Raid Vehicle) 2000 529
50%
System of a Down B.Y.O.B. 2005 582
46%
Iron Maiden The Trooper 1983 437
46%
System of a Down Aerials 2001 514
45%
Rob Zombie Dragula 1998 430
45%
Avenged Sevenfold Hail to the King 2013 579
44%
Rammstein Sonne 2001 479
44%
Motley Crue Kickstart My Heart 1989 631
41%
Iron Maiden Run to the Hills 1982 364
40%
Metallica The Unforgiven 1991 526
40%
Metallica For Whom The Bell Tolls 1984 480
39%
Linkin Park Crawling 2000 567
36%
Linkin Park One Step Closer 2000 683
36%
Slipknot Before I Forget 2004 516
35%
Bring Me the Horizon Can You Feel My Heart 2013 635
35%
Alice in Chains Man in the Box 1990 392
35%
Linkin Park Faint 2003 665
33%
Slipknot Wait and Bleed 1999 430
32%
Rage Against the Machine Bulls On Parade 1996 425
31%
Avenged Sevenfold Nightmare 2010 355
29%
Linkin Park Papercut 2000 494
29%
Rammstein Deutschland 2019 458
27%
Breaking Benjamin The Diary of Jane 2006 585
27%
Korn Coming Undone 2005 366
23%
Linkin Park Somewhere I Belong 2003 497
22%
Slipknot The Devil In I 2014 365
22%
Bad Wolves Zombie 2018 390
22%
Bring Me the Horizon Throne 2015 435
19%
Metallica Whiskey In The Jar 1998 441
16%
Falling In Reverse Popular Monster 2019 351
15%
Five Finger Death Punch Wrong Side of Heaven 2013 362
14%
Limp Bizkit Take A Look Around 2000 392
12%
No matching quizzes found
Score Distribution
Percent of People with Each Score
Percentile by Number Answered
Your Score History
You have not taken this quiz